Pink Floyd Discography - Statistics

General Stats
  • This quiz has been taken 29 times
    15 since last reset
  • The average score is 67 of 173
Answer Stats
Year Album Song % Correct
1975 Wish You Were Here Wish You Were Here
92%
1979 The Wall Another Brick in the Wall, Part 1
85%
1979 The Wall Another Brick in the Wall, Part 2
85%
1979 The Wall Another Brick in the Wall, Part 3
85%
1973 The Dark Side of the Moon Money
85%
1975 Wish You Were Here Shine On You Crazy Diamond (Parts I-V)
85%
1975 Wish You Were Here Shine On You Crazy Diamond (Parts VI-IX)
85%
1973 The Dark Side of the Moon Time
85%
1968 A Saucerful of Secrets A Saucerful of Secrets
77%
1969 Ummagumma A Saucerful of Secrets (live)
77%
1970 Atom Heart Mother Atom Heart Mother
77%
1973 The Dark Side of the Moon Breathe (In the Air)
77%
1977 Animals Dogs
77%
1973 The Dark Side of the Moon Eclipse
77%
1975 Wish You Were Here Have a Cigar
77%
1977 Animals Pigs (Three Different Ones)
77%
1973 The Dark Side of the Moon The Great Gig in the Sky
77%
1973 The Dark Side of the Moon Us and Them
77%
1975 Wish You Were Here Welcome to the Machine
77%
1973 The Dark Side of the Moon Any Colour You Like
69%
1973 The Dark Side of the Moon Brain Damage
69%
1971 Meddle Echoes
69%
1979 The Wall Goodbye Blue Sky
69%
1970 Atom Heart Mother If
69%
1979 The Wall In the Flesh?
69%
1979 The Wall In the Flesh
69%
1979 The Wall Mother
69%
1972 Obscured by Clouds Obscured by Clouds
69%
1977 Animals Pigs on the Wing (Part One)
69%
1977 Animals Pigs on the Wing (Part Two)
69%
1971 Meddle Seamus
69%
1977 Animals Sheep
69%
1973 The Dark Side of the Moon Speak To Me
69%
1979 The Wall The Thin Ice
69%
1967 The Piper at the Gates of Dawn Astronomy Dominé
62%
1969 Ummagumma Astronomy Dominé (live)
62%
1979 The Wall Comfortably Numb
62%
1979 The Wall Empty Spaces
62%
1979 The Wall Goodbye Cruel World
62%
1967 The Piper at the Gates of Dawn Interstellar Overdrive
62%
1971 Meddle One of These Days
62%
1973 The Dark Side of the Moon On the Run
62%
1979 The Wall Run Like Hell
62%
1983 The Final Cut The Final Cut
62%
1979 The Wall Young Lust
62%
1970 Atom Heart Mother Alan's Psychedelic Breakfast
54%
1967 The Piper at the Gates of Dawn Bike
54%
1968 Non-Album Singles Careful with That Axe, Eugene
54%
1969 Ummagumma Careful with That Axe, Eugene (live)
54%
1971 Meddle Fearless
54%
1979 The Wall Hey You
54%
1987 A Momentary Lapse of Reason Learning to Fly
54%
1979 The Wall Outside the Wall
54%
1968 A Saucerful of Secrets Remember a Day
54%
2014 The Endless River Sum
54%
1970 Atom Heart Mother Summer '68
54%
1979 The Wall The Happiest Days of Our Lives
54%
1979 The Wall The Show Must Go On
54%
1979 The Wall Vera
54%
1979 The Wall Waiting for the Worms
54%
1967 Non-Album Singles Arnold Layne
46%
1979 The Wall Bring the Boys Back Home
46%
1982 Non-Album Singles Bring the Boys Back Home
46%
1969 More Cymbaline
46%
1979 The Wall Don't Leave Me Now
46%
1970 Atom Heart Mother Fat Old Sun
46%
1979 The Wall Is There Anybody Out There?
46%
1967 The Piper at the Gates of Dawn Lucifer Sam
46%
1979 The Wall Nobody Home
46%
1979 The Wall One of My Turns
46%
1971 Meddle San Tropez
46%
1967 Non-Album Singles See Emily Play
46%
1979 The Wall Stop
46%
1967 The Piper at the Gates of Dawn The Gnome
46%
1979 The Wall The Trial
46%
1971 Meddle A Pillow of Winds
38%
1967 Non-Album Singles Apples and Oranges
38%
1972 Obscured by Clouds Childhood's End
38%
1969 More Crying Song
38%
1972 Obscured by Clouds Free Four
38%
1969 More Green Is the Colour
38%
1994 The Division Bell High Hopes
38%
1968 A Saucerful of Secrets Jugband Blues
38%
1972 Obscured by Clouds Mudmen
38%
1969 Ummagumma Sysyphus
38%
1983 The Final Cut The Gunner's Dream
38%
1969 More The Nile Song
38%
1982 Non-Album Singles When the Tigers Broke Free
38%
1972 Obscured by Clouds Absolutely Curtains
31%
1972 Obscured by Clouds Burning Bridges
31%
1967 The Piper at the Gates of Dawn Chapter 24
31%
1969 More Cirrus Minor
31%
1968 A Saucerful of Secrets Corporal Clegg
31%
1969 Ummagumma Grantchester Meadows
31%
1968 A Saucerful of Secrets Let There Be More Light
31%
1969 More Main Theme
31%
1967 The Piper at the Gates of Dawn Matilda Mother
31%
1983 The Final Cut Not Now John
31%
1967 Non-Album Singles Paint Box
31%
1983 The Final Cut Paranoid Eyes
31%
1967 The Piper at the Gates of Dawn Pow R. Toc H.
31%
1968 A Saucerful of Secrets See-Saw
31%
1968 A Saucerful of Secrets Set the Controls for the Heart of the Sun
31%
1969 Ummagumma Set the Controls for the Heart of the Sun (live)
31%
1969 Ummagumma Several Species of Small Furry Animals Gathered Together in a Cave and Grooving with a Pict
31%
1983 The Final Cut Southampton Dock
31%
1967 The Piper at the Gates of Dawn Take Up Thy Stethoscope and Walk
31%
1983 The Final Cut The Fletcher Memorial Home
31%
1969 Ummagumma The Narrow Way
31%
1983 The Final Cut The Post War Dream
31%
1967 The Piper at the Gates of Dawn The Scarecrow
31%
1967 Non-Album Singles The Scarecrow
31%
1983 The Final Cut Two Suns in the Sunset
31%
1972 Obscured by Clouds Wot's... Uh the Deal?
31%
1969 More A Spanish Piece
23%
1967 The Piper at the Gates of Dawn Flaming
23%
1969 More Ibiza Bar
23%
1994 The Division Bell Marooned
23%
1987 A Momentary Lapse of Reason One Slip
23%
1994 The Division Bell Poles Apart
23%
1969 More Quicksilver
23%
1972 Obscured by Clouds Stay
23%
1972 Obscured by Clouds The Gold It's in the...
23%
1969 Ummagumma The Grand Vizier's Garden Party
23%
1983 The Final Cut The Hero's Return
23%
1969 More Up the Khyber
23%
1994 The Division Bell What Do You Want from Me
23%
1972 Obscured by Clouds When You're In
23%
2014 The Endless River Autumn '68
15%
1967 Non-Album Singles Candy and a Currant Bun
15%
1994 The Division Bell Coming Back to Life
15%
1969 More Dramatic Theme
15%
1983 The Final Cut Get Your Filthy Hands Off My Desert
15%
1968 Non-Album Singles Julia Dream
15%
1994 The Division Bell Keep Talking
15%
1994 The Division Bell Lost for Words
15%
2014 The Endless River Louder than Words
15%
1983 The Final Cut One of the Few
15%
1987 A Momentary Lapse of Reason On the Turning Away
15%
1969 More Party Sequence
15%
1987 A Momentary Lapse of Reason Sorrow
15%
2014 The Endless River Talkin' Hawkin'
15%
1987 A Momentary Lapse of Reason The Dogs of War
15%
1983 The Final Cut Your Possible Pasts
15%
1994 The Division Bell A Great Day for Freedom
8%
2022 Non-Album Singles A Great Day for Freedom
8%
2014 The Endless River Allons-y (1)
8%
2014 The Endless River Allons-y (2)
8%
1987 A Momentary Lapse of Reason A New Machine (Part 1)
8%
1987 A Momentary Lapse of Reason A New Machine (Part 2)
8%
1994 The Division Bell Cluster One
8%
1968 Non-Album Singles It Would Be So Nice
8%
1969 More More Blues
8%
1968 Non-Album Singles Point Me at the Sky
8%
1987 A Momentary Lapse of Reason Signs of Life
8%
1994 The Division Bell Take It Back
8%
1987 A Momentary Lapse of Reason Terminal Frost
8%
1994 The Division Bell Wearing the Inside Out
8%
1987 A Momentary Lapse of Reason Yet Another Movie
8%
2014 The Endless River Anisina
0%
2014 The Endless River Calling
0%
2014 The Endless River Ebb and Flow
0%
2014 The Endless River Eyes to Pearls
0%
2022 Non-Album Singles Hey, Hey, Rise Up!
0%
2014 The Endless River It's What We Do
0%
2014 The Endless River Night Light
0%
2014 The Endless River On Noodle Street
0%
1987 A Momentary Lapse of Reason Round and Around
0%
2014 The Endless River Skins
0%
2014 The Endless River Surfacing
0%
2014 The Endless River The Lost Art of Conversation
0%
2014 The Endless River Things Left Unsaid
0%
2014 The Endless River Unsung
0%
No matching quizzes found
Score Distribution
Percent of People with Each Score
Percentile by Number Answered
Your Score History
You have not taken this quiz since the last reset